000 00290nam a22001217a 4500
008 160425b xxu||||| |||| 00| 0 eng d
020 _a9780721649252
020 _a0721649254
041 _aeng
080 _a618.2
245 _aPsychiatrica nursing:
_cMargaret H. Brackley;
942 _2udc
_cBK
999 _c1574
_d1574